Visualizzazione normale
Vista MARC
- Zero Renato
di Personal Name
Records bibliografici associati: 9
001 - CONTROL NUMBER
- control field: 5540
003 - CONTROL NUMBER IDENTIFIER
- control field: IT-RoPau
005 - DATE AND TIME OF LATEST TRANSACTION
- control field: 20131216153115.0
008 - FIXED-LENGTH DATA ELEMENTS
- fixed length control field: 131216|| aca||aabn | a|a d
040 ## - CATALOGING SOURCE
- Original cataloging agency: IT-RoPau
- Transcribing agency: IT-RoPau
100 ## - HEADING--PERSONAL NAME
- Personal name: Zero Renato
670 ## - SOURCE DATA FOUND
- Source citation: Work cat.: (IT-RoPau)102243: Zero Renato, Artide Antartide (Lp doppio Pl 31611/12)